[Event "ARG-ch 79th"]
[Site "Buenos Aires"]
[Date "2004.09.26"]
[Round "4"]
[White "Ibar, Marcelo Rodolfo"]
[Black "Savinell, Fernando"]
[Result "1/2-1/2"]
[WhiteElo "2314"]
[BlackElo "2075"]
[PlyCount "150"]
[EventDate "2004.09.24"]
[EventType "swiss"]
[EventRounds "9"]
[EventCountry "ARG"]
[SourceTitle "CBM 102 Extra"]
[Source "ChessBase"]
[SourceDate "2004.11.03"]
[SourceVersion "1"]
[SourceVersionDate "2004.11.03"]
[SourceQuality "1"]

1. e4 c5 2. c3 Nf6 3. e5 Nd5 4. Nf3 Nc6 5. d4 cxd4 6. cxd4 d6 7. Bc4 Nb6 8. Bb5 a6 9. Be2 dxe5 10. dxe5 Qxd1+ 11. Bxd1 g6 12. 0-0 Bg7 13. Re1 Nc4 14. Nc3 e6 15. Bf4 Nxb2 16. Be2 Nb4 17. Reb1 N2d3 18. Bg3 Nxe5 19. Bxe5 Bxe5 20. Nxe5 Nc2 21. a4 Nxa1 22. Rxa1 0-0 23. a5 f6 24. Nc4 Bd7 25. Nb6 Rad8 26. Bc4 Kg7 27. Ne4 Bc8 28. Rb1 f5 29. Ng5 h6 30. Nxe6+ Bxe6 31. Bxe6 Rfe8 32. Bd5 Re5 33. f4 Rexd5 34. Nxd5 Rxd5 35. Rxb7+ Kh8 36. Rb6 Rxa5 37. Rxg6 Kh7 38. Rb6 Ra2 39. h3 Kg7 40. Kh2 Ra3 41. g4 fxg4 42. hxg4 Rf3 43. Rb4 Ra3 44. Kg2 a5 45. Rb7+ Kg8 46. Ra7 a4 47. f5 Ra2+ 48. Kf3 Ra1 49. Kf4 a3 50. Ke5 Rg1 51. g5 Rxg5 52. Rxa3 Rg1 53. Kf6 Rb1 54. Ra8+ Kh7 55. Ra7+ Kg8 56. Kg6 Rg1+ 57. Kf6 h5 58. Ra8+ Kh7 59. Re8 h4 60. Re4 Rh1 61. Ke7 h3 62. Rh4+ Kg8 63. Rg4+ Kh7 64. Rh4+ Kg8 65. Rg4+ Kh7 66. Rh4+ Kg8 67. Kf6 h2 68. Rh5 Ra1 69. Rxh2 Ra6+ 70. Kg5 Kf8 71. f6 Ra1 72. Rh8+ Kf7 73. Rh7+ Kf8 74. Rb7 Rg1+ 75. Kf5 Rf1+ 1/2-1/2

[Event "ARG-ch 79th"]
[Site "Buenos Aires"]
[Date "2004.09.24"]
[Round "1"]
[White "Savinell, Fernando"]
[Black "Anelli, Antonio"]
[Result "1-0"]
[WhiteElo "2075"]
[BlackElo "2330"]
[PlyCount "115"]
[EventDate "2004.09.24"]
[EventType "swiss"]
[EventRounds "9"]
[EventCountry "ARG"]
[SourceTitle "CBM 102 Extra"]
[Source "ChessBase"]
[SourceDate "2004.11.03"]
[SourceVersion "1"]
[SourceVersionDate "2004.11.03"]
[SourceQuality "1"]

1. d4 Nf6 2. Nf3 g6 3. Bg5 Bg7 4. Nbd2 h6 5. Bh4 d6 6. e4 g5 7. Bg3 Nh5 8. c3 c6 9. Be2 Nxg3 10. hxg3 d5 11. Qc2 e6 12. Bd3 Nd7 13. 0-0-0 Nf6 14. Rde1 Qc7 15. exd5 cxd5 16. Ne5 Bd7 17. f4 gxf4 18. gxf4 Rf8 19. f5 0-0-0 20. Nxf7 Rxf7 21. fxe6 Bxe6 22. Rxe6 Kb8 23. Rhe1 Qg3 24. Nf3 Rg8 25. Qe2 Rc7 26. Kb1 Bh8 27. Rg1 Nh5 28. Re8+ Rc8 29. Rxc8+ Rxc8 30. Qe1 Rg8 31. Qxg3+ Rxg3 32. Rh1 Nf4 33. Bf1 Bg7 34. Rh2 Kc7 35. Kc2 Kd6 36. Kd2 Ne6 37. Nh4 Rg5 38. Bd3 Kc6 39. Nf5 h5 40. Nxg7 Nxg7 41. Be2 Kd6 42. Bf3 b6 43. Rh1 a5 44. b3 Ke6 45. c4 dxc4 46. bxc4 Kd6 47. Rb1 Kc7 48. Rb5 Rxb5 49. cxb5 Kd6 50. Ke3 Ke6 51. Kf4 Kf6 52. a4 Ne6+ 53. Ke4 h4 54. Bg4 Ng5+ 55. Kf4 Nf7 56. Ke4 Ke7 57. Kd5 Nd8 58. Bh3 1-0